| 000 | 00690nam a22002057a 4500 | ||
|---|---|---|---|
| 999 |
_c16914 _d16914 |
||
| 003 | AR-CdUCM | ||
| 008 | 190313b ||||| |||| 00| 0 spa d | ||
| 040 |
_aMUNICIPALIDAD PROVINCIAL DEL CUSCO _cBIBLIOTECA MUNICIPAL DEL CUSCO |
||
| 082 |
_a119.61 / _bR85 |
||
| 100 |
_aRotterdam, Erasmo De _936660 |
||
| 245 | _aElogio de la Locura / | ||
| 260 |
_aMexico, D.F : _bNacional, _c1961. |
||
| 300 |
_a187 páginas ; _c18 cm. |
||
| 505 | _aContenido: Habla la locura -- Carta apologética de Erasmo a Martin Dorp. | ||
| 650 |
_aAspectos religiosos _916844 |
||
| 650 |
_aCristianismo _96458 |
||
| 650 |
_aFilosofía renacentista _96876 |
||
| 942 |
_2ddc _cLIBROS |
||
| 945 |
_aacv _d2019-05-06 |
||